000 01210nam0a2200289 4500
001 RU\NLR\b_ik\95706
005 20260406131138.0
010 _a5-7487-0481-1
_9100
035 _a(NLR Aleph) 002169682
090 _a2637407
_c2637407
100 _a20030317d2002 |||y0rusy50 ca
101 0 _aeng
102 _aRU
105 _ay |||||||||
200 1 _aMethodical textbook of clinical pharmacology for self-training of the students of pharmaceutical faculty
_fKursk state med. univ.
_g[G.S. Mal]
_gUnder the supervision of prof N.G. Philippenko
210 _aKursk
_cKSMU
_d2002
215 _a37 с.
_d21
606 0 _aФармакология
_jРуководства, пособия и т.п.
_9935345
_3RU\NLR\AUTH\6626577
606 0 _aФармакология
_jУчебные издания для высшей школы
_9935345
_3RU\NLR\AUTH\6626577
686 4 _aР28я73
702 1 _aMal
_bG. S.
_4220
702 1 _aFilippenko
_bN. G.
_4340
712 0 2 _4570
_8eng
_aKursk state medical university
_7ba
_3RU\NLR\AUTH\8821408
_9316727
801 0 _aRU
_bNLR
_c20030317
_gPSBO
942 _cBOOK
980 _aNB